Missing Word: Leslie Mann Quiz Stats

 Plays Quiz Updated Jan 13, 2018

Challenge
Share
Tweet
Embed
Score 0/16 Timer 03:00
0 Plays Today
Title Missing Word % Correct
The 40-Year-Old ____Virgin
98.5%
Beverly ____ ChihuahuaHills
98.2%
Knocked ____Up
96.3%
Last Man ____Standing
96.1%
The Cable ____Guy
95.7%
____ of the JungleGeorge
93.5%
She's the ____One
72.6%
17 ____Again
67.8%
Title Missing Word % Correct
Mr. ____ & ShermanPeabody
61.7%
The Other ____Woman
59.7%
I Love You Phillip ____Morris
59.6%
____ is 40This
52.4%
Funny _____People
46.8%
The Bling ____Ring
45.7%
Drillbit ____Taylor
43.7%
How to Be ____Single
25.3%

Today's Daily Dose

Word Ladder
Aquatic Life

On This Day
August 21st II

You're not logged in!

Compare scores with friends on all Sporcle quizzes.
Join for Free
OR
Log In

You Might Also Like...

Show Comments

Extras

Top Quizzes Today


Score Distribution

Your Account Isn't Verified!

In order to create a playlist on Sporcle, you need to verify the email address you used during registration. Go to your Sporcle Settings to finish the process.

Report this User

Report this user for behavior that violates our Community Guidelines.

Details: